000 00787cam a2200241 a 4500
001 3889454
005 20180227093947.0
008 900509s1991 mau b 001 0 eng
010 _a 90038720
020 _a0534872069
040 _aDLC
_cDLC
_dDLC
041 _aeng
043 _an-us---
080 _a344.7301 LED
082 0 0 _a344.7301 LED
_a347.3041
_220
100 1 _a52
101 _aBNJ
245 1 0 _aFederal regulation of personnel and human resource management /
_cJames Ledvinka, Vida Gulbinas Scarpello.
504 _aIncludes bibliographical references and indexes.
906 _a7
_bcbc
_corignew
_d1
_eocip
_f19
_gy-gencatlg
942 _2ddc
_cBK
999 _c43663
_d43663